Normal view
MARC view
Entry Término temático
001 - NÚMERO DE CONTROL
- campo de control: 89704
003 - IDENTIFICADOR DEL NÚMERO DE CONTROL
- campo de control: DO-SdBNP
005 - FECHA Y HORA DE LA ÚLTIMA TRANSACCIÓN
- campo de control: 20260522231705.0
008 - DATOS DE LONGITUD FIJA
- campo de control de longitud fija: 260522|| aza||aabn | a|a d
040 ## - FUENTE DE LA CATALOGACIÓN
- Centro catalogador/agencia de origen: DO-SdBNP
- Centro/agencia transcriptor: DO-SdBNP
150 ## - ENCABEZAMIENTO--TÉRMINO DE MATERIA
- Término de materia o nombre geográfico como elemento de entrada: Ensayos dominicanos
- Subdivisión geográfica: Siglo XX
670 ## - FUENTE DE DATOS ENCONTRADOS
- Cita de la fuente: Work cat.: (DO-SdBNP)15691: Julia, Julio Jaime 1922-1993 autor 20185, Escritos de Tulio Manuel Cestero :
